[Event "4NCL"]
[Site "De Vere, Wokefield Park, ENG"]
[Date "2011.02.19"]
[Round "5.45"]
[White "Spice, Alan P"]
[Black "McMahon, Paul"]
[Result "1-0"]
[WhiteElo "2136"]
[BlackElo "2037"]
[PlyCount "55"]
[EventDate "2011.??.??"]
[WhiteTeam "Rhyfelwyr Essyllwg"]
[BlackTeam "Poisoned Pawns 2"]

1. Nc3 d5 2. e4 d4 3. Nce2 e5 4. Ng3 Be6 5. c3 c5 6. Nf3 f6 7. Bb5+ Nc6 8.
Bxc6+ bxc6 9. d3 Bd6 10. c4 Ne7 11. Bd2 O-O 12. O-O Bc7 13. h3 Ba5 14. Qa4 Bxd2
15. Nxd2 Qb6 16. Nb3 a5 17. Qa3 Qb4 18. Nxc5 Qxa3 19. bxa3 Bc8 20. Rab1 f5 21.
exf5 Bxf5 22. Rb7 Ng6 23. Rfb1 Nf4 24. Nxf5 Rxf5 25. g3 Nxh3+ 26. Kg2 Nxf2 27.
Ne6 Rf7 28. Rb8+ 1-0

[Event "4NCL"]
[Site "De Vere, Wokefield Park, ENG"]
[Date "2011.02.20"]
[Round "6.11"]
[White "Williams, Simon K"]
[Black "Cooper, John G"]
[Result "1-0"]
[WhiteElo "2513"]
[BlackElo "2363"]
[PlyCount "79"]
[EventDate "2011.??.??"]
[WhiteTeam "Jutes of Kent"]
[BlackTeam "South Wales Dragons"]

1. e4 e6 2. d4 d5 3. Nc3 Bb4 4. a3 Bxc3+ 5. bxc3 Ne7 6. Qg4 O-O 7. e5 c5 8. Bd3
Nbc6 9. Bg5 Qa5 10. Ne2 Ng6 11. O-O Qa4 12. f4 c4 13. Bxg6 fxg6 14. Ra2 Bd7 15.
Rf3 Rf5 16. Rh3 Qb5 17. Ra1 Qb2 18. Rc1 Raf8 19. Qh4 h6 20. Bxh6 gxh6 21. Qxh6
Kf7 22. g4 Ne7 23. gxf5 Nxf5 24. Qh7+ Ke8 25. Qxg6+ Kd8 26. Kf2 Qxa3 27. Rh7
Qb2 28. h4 a5 29. h5 a4 30. h6 a3 31. Rf7 Re8 32. h7 a2 33. Rxd7+ Kxd7 34.
Qxe8+ Kxe8 35. h8=Q+ Kd7 36. Qh7+ Kc6 37. Qf7 Qxc1 38. Qxe6+ Kc7 39. Nxc1 a1=Q
40. Ne2 1-0

[Event "4NCL"]
[Site "De Vere, Wokefield Park, ENG"]
[Date "2011.02.20"]
[Round "6.12"]
[White "Zeidler, Sven P"]
[Black "Dickenson, Neil F"]
[Result "1-0"]
[WhiteElo "2247"]
[BlackElo "2313"]
[PlyCount "71"]
[EventDate "2011.??.??"]
[WhiteTeam "South Wales Dragons"]
[BlackTeam "Jutes of Kent"]

1. e4 e6 2. d4 d5 3. exd5 exd5 4. Nf3 Bg4 5. h3 Bh5 6. Qe2+ Qe7 7. Be3 Nc6 8.
Nc3 O-O-O 9. g4 Bg6 10. O-O-O f6 11. a3 Qd7 12. Bg2 Bf7 13. Nd2 h5 14. Nb3 hxg4
15. hxg4 Rxh1 16. Rxh1 Re8 17. Qf3 Rd8 18. Rh8 Nce7 19. g5 Kb8 20. Nc5 Qc6 21.
Bf1 a6 22. Bd3 Qe8 23. g6 Bxg6 24. Bxg6 Qxg6 25. Ne6 Rc8 26. Nxd5 Nxd5 27. Qxd5
Qf7 28. Bf4 Bd6 29. Bxd6 cxd6 30. Qxd6+ Ka7 31. Nc5 Qg6 32. b3 Qf5 33. a4 Re8
34. a5 Ka8 35. Nxa6 Rc8 36. Nc5 1-0

[Event "4NCL"]
[Site "De Vere, Wokefield Park, ENG"]
[Date "2011.02.20"]
[Round "6.13"]
[White "Cooley, Chris M"]
[Black "Redmond, John P"]
[Result "1/2-1/2"]
[WhiteElo "2259"]
[BlackElo "2212"]
[PlyCount "97"]
[EventDate "2011.??.??"]
[WhiteTeam "Jutes of Kent"]
[BlackTeam "South Wales Dragons"]

1. e4 e6 2. d4 d5 3. e5 c5 4. c3 Nc6 5. Nf3 Bd7 6. a3 c4 7. Nbd2 Na5 8. g3 Bc6
9. h4 Qd7 10. Bh3 Ba4 11. Qe2 Bc2 12. Qe3 Ne7 13. O-O h6 14. Ne1 Bg6 15. Qf3 h5
16. Ng2 Bf5 17. Nf4 Bxh3 18. Nxh3 Nf5 19. Rb1 Qa4 20. Nf4 O-O-O 21. Qd1 Qxd1
22. Rxd1 Be7 23. Nh3 Rd7 24. Re1 Kc7 25. Nf1 Nb3 26. Bf4 b5 27. Re2 a5 28. Ne3
Nfxd4 29. cxd4 Nxd4 30. Kf1 Nxe2 31. Kxe2 d4 32. Nf1 Kb7 33. Nd2 d3+ 34. Kf3
Rc8 35. Ng5 Ka6 36. Nde4 f5 37. Nd6 Bxd6 38. exd6 b4 39. Nxe6 c3 40. bxc3 bxc3
41. Nc7+ Rdxc7 42. dxc7 Rxc7 43. Bxc7 c2 44. Rb6+ Ka7 45. Bf4 Kxb6 46. Bc1 Kc5
47. Ke3 Kc4 48. Kd2 a4 49. Bb2 1/2-1/2

[Event "4NCL"]
[Site "De Vere, Wokefield Park, ENG"]
[Date "2011.02.20"]
[Round "6.14"]
[White "Morris, Charles F"]
[Black "Stebbings, Anthony J"]
[Result "1/2-1/2"]
[WhiteElo "2188"]
[BlackElo "2285"]
[PlyCount "61"]
[EventDate "2011.??.??"]
[WhiteTeam "South Wales Dragons"]
[BlackTeam "Jutes of Kent"]

1. Nf3 Nf6 2. c4 c5 3. g3 d5 4. cxd5 Nxd5 5. Nc3 Nc6 6. Bg2 Nc7 7. O-O e5 8.
Ne1 Bd7 9. b3 Bd6 10. Bb2 O-O 11. Ne4 Qe7 12. Rc1 Rfe8 13. Nd3 Na6 14. f4 exf4
15. Nxf4 Be5 16. Nd5 Qe6 17. Bxe5 Qxe5 18. e3 Be6 19. Nf4 Rad8 20. Qf3 f6 21.
Nxe6 Rxe6 22. Qg4 Rde8 23. Rf5 Qb2 24. Rcf1 Ne5 25. Qh3 Nf7 26. d3 b6 27. R5f2
Qe5 28. Rf5 Qb2 29. R5f2 Qe5 30. Rf5 Qb2 31. R5f2 1/2-1/2

[Event "4NCL"]
[Site "De Vere, Wokefield Park, ENG"]
[Date "2011.02.20"]
[Round "6.15"]
[White "Mack, Andrew L"]
[Black "James, David J"]
[Result "0-1"]
[WhiteElo "2203"]
[BlackElo "2126"]
[PlyCount "80"]
[EventDate "2011.??.??"]
[WhiteTeam "Jutes of Kent"]
[BlackTeam "South Wales Dragons"]

1. e4 c5 2. Nf3 d6 3. d4 cxd4 4. Qxd4 a6 5. Be3 Nc6 6. Qd2 Nf6 7. Nc3 b5 8.
O-O-O Qa5 9. Kb1 Bb7 10. Nd5 Qxd2 11. Nxf6+ gxf6 12. Rxd2 e6 13. Be2 Ne5 14.
Nxe5 fxe5 15. Bd3 Rg8 16. f3 Be7 17. Rhd1 Rc8 18. c3 Bg5 19. Bxg5 Rxg5 20. g4
Ke7 21. Bc2 Rd8 22. h4 Rgg8 23. Bb3 Rd7 24. c4 bxc4 25. Bxc4 Rgd8 26. Bb3 d5
27. exd5 exd5 28. Re1 Kd6 29. Red1 f6 30. Bc2 h6 31. Bf5 Rc7 32. Be4 d4 33.
Bxb7 Rxb7 34. Kc2 Kd5 35. Kd3 Rc7 36. Re1 Rdc8 37. Rde2 Rc1 38. a3 a5 39. h5 a4
40. Re4 R8c2 0-1

[Event "4NCL"]
[Site "De Vere, Wokefield Park, ENG"]
[Date "2011.02.20"]
[Round "6.16"]
[White "Jameson, David"]
[Black "Harakis, Alexis M"]
[Result "0-1"]
[WhiteElo "2054"]
[BlackElo "2205"]
[PlyCount "112"]
[EventDate "2011.??.??"]
[WhiteTeam "South Wales Dragons"]
[BlackTeam "Jutes of Kent"]

1. c4 e6 2. Nc3 d5 3. d4 Nf6 4. e3 Be7 5. Nf3 O-O 6. Bd3 dxc4 7. Bxc4 a6 8. a4
b6 9. O-O Bb7 10. Qe2 c5 11. Rd1 Qc7 12. b3 Nc6 13. d5 exd5 14. Bxd5 Na5 15.
Bxb7 Qxb7 16. Qc2 Rac8 17. Ba3 c4 18. Nd4 Bxa3 19. Rxa3 cxb3 20. Nxb3 Qe7 21.
Rda1 Nc4 22. R3a2 Nxe3 23. Qd3 Rfd8 24. Qxe3 Qxe3 25. fxe3 Rxc3 26. Nd4 Rxe3
27. Nc6 Rd6 28. Rc2 h5 29. Rb1 Ne4 30. Ne7+ Kh7 31. Nf5 Rb3 32. Re1 Rd5 33.
Nxg7 Re3 34. Rcc1 Rxe1+ 35. Rxe1 Nc3 36. Ne8 Rf5 37. Nd6 Rf4 38. a5 bxa5 39. g3
Rf6 40. Ne4 Nxe4 41. Rxe4 Rf5 42. h3 Kg6 43. Kg2 Kf6 44. Kg1 Re5 45. Rc4 Ke6
46. Rc6+ Kd5 47. Rxa6 Kc4 48. Rf6 a4 49. Rxf7 Ra5 50. Kg2 a3 51. Rf1 a2 52. Ra1
Kb3 53. g4 h4 54. Kf3 Kb2 55. Rxa2+ Kxa2 56. Kf4 Ra3 0-1

[Event "4NCL"]
[Site "De Vere, Wokefield Park, ENG"]
[Date "2011.02.20"]
[Round "6.18"]
[White "Wilson, Julie C"]
[Black "Wilson, Alexandra"]
[Result "1/2-1/2"]
[WhiteElo "1898"]
[BlackElo "2037"]
[PlyCount "79"]
[EventDate "2011.??.??"]
[WhiteTeam "South Wales Dragons"]
[BlackTeam "Jutes of Kent"]

1. d4 e6 2. c4 f5 3. g3 Nf6 4. Bg2 Be7 5. Nf3 O-O 6. O-O d6 7. Nc3 Ne4 8. Qc2
Nxc3 9. Qxc3 Nd7 10. Bd2 Nf6 11. Qb3 Ne4 12. Be3 Kh8 13. Nd2 Nxd2 14. Bxd2 Qe8
15. Rae1 e5 16. e3 Qh5 17. Qd1 Qg6 18. Bc3 Bf6 19. Qc2 c6 20. Rd1 e4 21. Bb4
Rd8 22. f3 d5 23. cxd5 cxd5 24. fxe4 fxe4 25. Qc7 Bg4 26. Rc1 Rac8 27. Qf4 h5
28. h3 Be2 29. Rfe1 Bd3 30. Kh2 Kh7 31. h4 Qg4 32. Qxg4 hxg4 33. Bf1 Rxc1 34.
Rxc1 Bxf1 35. Rxf1 Rc8 36. Bc3 b5 37. a3 a5 38. Rf2 Rc6 39. Kg2 g5 40. Rf5
1/2-1/2

[Event "4NCL"]
[Site "De Vere, Wokefield Park, ENG"]
[Date "2011.02.20"]
[Round "6.21"]
[White "Hutchinson, Norman A"]
[Black "Chapman, Terry PD"]
[Result "1/2-1/2"]
[WhiteElo "2054"]
[BlackElo "2250"]
[PlyCount "74"]
[EventDate "2011.??.??"]
[WhiteTeam "Poisoned Pawns 2"]
[BlackTeam "Barbican Youth"]

1. e4 d6 2. d4 Nf6 3. Nc3 c6 4. f4 Qa5 5. Bd3 e5 6. Nf3 Nbd7 7. Be3 Be7 8. Qd2
O-O 9. O-O Qc7 10. h3 b5 11. a3 a6 12. Qf2 exd4 13. Nxd4 Nc5 14. Nf5 Bxf5 15.
Bxc5 dxc5 16. exf5 c4 17. Be4 a5 18. Qf3 Rac8 19. Rae1 Rfe8 20. Kh1 Bc5 21. g4
Bd4 22. Nd1 Qd7 23. c3 Bb6 24. Nf2 Bxf2 25. Rxf2 Nxe4 26. Rxe4 Rxe4 27. Qxe4
Qd5 28. Qg2 Rd8 29. Re2 Kf8 30. Kg1 Qxg2+ 31. Kxg2 c5 32. Kf2 f6 33. Re6 Rd2+
34. Re2 Rd3 35. Re3 Rd2+ 36. Re2 Rd3 37. Re3 Rd2+ 1/2-1/2

[Event "4NCL"]
[Site "De Vere, Wokefield Park, ENG"]
[Date "2011.02.20"]
[Round "6.22"]
[White "Martyn, Rafe"]
[Black "Kemp, Paul R"]
[Result "1/2-1/2"]
[WhiteElo "2292"]
[BlackElo "2108"]
[PlyCount "87"]
[EventDate "2011.??.??"]
[WhiteTeam "Barbican Youth"]
[BlackTeam "Poisoned Pawns 2"]

1. e4 c6 2. Nc3 d5 3. Nf3 Bg4 4. h3 Bxf3 5. Qxf3 Nf6 6. d3 e6 7. a3 Nbd7 8. g3
Bc5 9. Bg2 O-O 10. O-O Qc7 11. Kh2 Rfe8 12. Bg5 Bd4 13. Nd1 dxe4 14. dxe4 Qa5
15. Bc1 Qb5 16. Re1 Rad8 17. Qe2 Qxe2 18. Rxe2 a5 19. c3 Bb6 20. Ne3 Nc5 21. e5
Nd5 22. Nc4 Nb3 23. Rb1 Nxc1 24. Rxc1 Bc7 25. a4 b5 26. axb5 cxb5 27. Na3 Rb8
28. f4 Red8 29. Rd2 g5 30. Bxd5 Rxd5 31. Rxd5 exd5 32. Rd1 b4 33. Nb1 bxc3 34.
Nxc3 Rxb2+ 35. Kh1 gxf4 36. gxf4 a4 37. Nxa4 Rb4 38. Nc3 Rxf4 39. Nxd5 Rc4 40.
Rg1+ Kf8 41. Nf6 Ke7 42. Nd5+ Ke6 43. Nxc7+ Rxc7 44. Rg7 1/2-1/2

[Event "4NCL"]
[Site "De Vere, Wokefield Park, ENG"]
[Date "2011.02.20"]
[Round "6.23"]
[White "Kueh Ju Lui, Andre"]
[Black "Franklin, Samuel GA"]
[Result "0-1"]
[WhiteElo "2090"]
[BlackElo "2185"]
[PlyCount "38"]
[EventDate "2011.??.??"]
[WhiteTeam "Poisoned Pawns 2"]
[BlackTeam "Barbican Youth"]

1. e4 c5 2. Nf3 d6 3. Bb5+ Bd7 4. Bxd7+ Nxd7 5. O-O Ngf6 6. Re1 e6 7. c3 Be7 8.
d4 cxd4 9. cxd4 d5 10. e5 Ne4 11. Nfd2 Nxd2 12. Qxd2 O-O 13. b3 Nb8 14. Ba3 Nc6
15. Rc1 Rc8 16. Bb2 Qb6 17. Rd1 f6 18. Nc3 fxe5 19. dxe5 Rxf2 0-1

[Event "4NCL"]
[Site "De Vere, Wokefield Park, ENG"]
[Date "2011.02.20"]
[Round "6.24"]
[White "Sands, David A"]
[Black "McMahon, Paul"]
[Result "1/2-1/2"]
[WhiteElo "2238"]
[BlackElo "2037"]
[PlyCount "110"]
[EventDate "2011.??.??"]
[WhiteTeam "Barbican Youth"]
[BlackTeam "Poisoned Pawns 2"]

1. Nf3 Nf6 2. c4 d6 3. d4 g6 4. Nc3 Bg7 5. e4 O-O 6. h3 Nbd7 7. Bg5 c6 8. Bd3
Qc7 9. O-O e5 10. d5 Nc5 11. Bc2 a5 12. Qd2 cxd5 13. Bxf6 Bxf6 14. Nxd5 Qd8 15.
Rfd1 Ra6 16. b3 Bg7 17. Rab1 Be6 18. Nc3 f5 19. exf5 gxf5 20. Nb5 e4 21. Nfd4
Be5 22. a3 Bd7 23. Nc3 Kh8 24. f4 Bxd4+ 25. Qxd4+ Qf6 26. Qxf6+ Rxf6 27. Rd2 b6
28. Rbd1 Nb7 29. Re1 Bc6 30. Re3 Ra8 31. Kf2 Rd8 32. b4 axb4 33. axb4 Rb8 34.
Bd1 Rh6 35. Be2 Nd8 36. Bf1 Kg7 37. Re1 Nf7 38. Ra1 Re6 39. Re2 b5 40. Re3 bxc4
41. Bxc4 Re7 42. b5 d5 43. Bxd5 Bxb5 44. Rb1 Nd6 45. Bc6 Rc7 46. Bxb5 Rcb7 47.
Bd3 exd3 48. Rxb7+ Rxb7 49. Rxd3 Rb3 50. Ke3 Ne8 51. Nd5 Rb2 52. Kf3 Kg6 53.
Re3 Ng7 54. Re5 h5 55. Ne3 Rb6 1/2-1/2

[Event "4NCL"]
[Site "De Vere, Wokefield Park, ENG"]
[Date "2011.02.20"]
[Round "6.25"]
[White "Davison, Chris"]
[Black "O'Toole, George E"]
[Result "0-1"]
[WhiteElo "1890"]
[BlackElo "2152"]
[PlyCount "34"]
[EventDate "2011.??.??"]
[WhiteTeam "Poisoned Pawns 2"]
[BlackTeam "Barbican Youth"]

1. e4 e5 2. Nf3 Nc6 3. d4 exd4 4. Nxd4 Nf6 5. Nc3 Bb4 6. Nxc6 bxc6 7. e5 Qe7 8.
Qe2 Nd5 9. Bd2 O-O 10. Nxd5 cxd5 11. f4 Rb8 12. Rb1 d6 13. exd6 Qxd6 14. g3 Bf5
15. Bxb4 Qxb4+ 16. Kf2 Rfe8 17. Qh5 Qd4+ 0-1

[Event "4NCL"]
[Site "De Vere, Wokefield Park, ENG"]
[Date "2011.02.20"]
[Round "6.27"]
[White "Messere, Owen"]
[Black "Sanders, Isaac B"]
[Result "0-1"]
[WhiteElo "1778"]
[BlackElo "1989"]
[PlyCount "70"]
[EventDate "2011.??.??"]
[WhiteTeam "Poisoned Pawns 2"]
[BlackTeam "Barbican Youth"]

1. e4 c5 2. Nc3 d6 3. f4 Nc6 4. Nf3 g6 5. Bc4 Bg7 6. d3 e6 7. a3 Nge7 8. O-O
O-O 9. g4 d5 10. Ba2 Nd4 11. e5 Nec6 12. g5 Nf5 13. Ne2 b5 14. Qe1 b4 15. a4
Qb6 16. c4 b3 17. Bb1 dxc4 18. dxc4 Ba6 19. Qc3 Qb4 20. Bd3 Rad8 21. Bxf5 gxf5
22. Nd2 Na5 23. Rf3 Nxc4 24. Nxb3 Nxe5 25. fxe5 Bxe2 26. Re3 Rd1+ 27. Kf2 Qf4+
28. Rf3 Qxh2+ 29. Ke3 Bxf3 30. Kxf3 Qh3+ 31. Ke2 Qf1+ 32. Ke3 f4+ 33. Ke4 Re1+
34. Be3 Rxe3+ 35. Qxe3 Qc4+ 0-1

[Event "4NCL"]
[Site "De Vere, Wokefield Park, ENG"]
[Date "2011.02.20"]
[Round "6.31"]
[White "Gayson, Peter M"]
[Black "Talsma, Paul A"]
[Result "1/2-1/2"]
[WhiteElo "2173"]
[BlackElo "2260"]
[PlyCount "35"]
[EventDate "2011.??.??"]
[WhiteTeam "White Rose 2"]
[BlackTeam "Anglian Avengers 1"]

1. e4 e5 2. Nf3 Nc6 3. d4 exd4 4. Bc4 Nf6 5. O-O Nxe4 6. Re1 d5 7. Bxd5 Qxd5 8.
Nc3 Qh5 9. Nxe4 Be6 10. Bg5 Bb4 11. Nxd4 Qxd1 12. Rexd1 Nxd4 13. Rxd4 Be7 14.
Bxe7 Kxe7 15. Nc5 Rad8 16. Nxe6 fxe6 17. Rad1 Rd6 18. Rxd6 1/2-1/2

[Event "4NCL"]
[Site "De Vere, Wokefield Park, ENG"]
[Date "2011.02.20"]
[Round "6.32"]
[White "Player, Edmund C"]
[Black "Shaw, Peter"]
[Result "1/2-1/2"]
[WhiteElo "2179"]
[BlackElo "2164"]
[PlyCount "47"]
[EventDate "2011.??.??"]
[WhiteTeam "Anglian Avengers 1"]
[BlackTeam "White Rose 2"]

1. e4 c6 2. d4 d5 3. Nc3 dxe4 4. Nxe4 Bf5 5. Ng3 Bg6 6. Nf3 Nd7 7. h4 h6 8. h5
Bh7 9. Bd3 Bxd3 10. Qxd3 e6 11. Bd2 Ngf6 12. O-O-O Be7 13. Kb1 O-O 14. Qe2 Qb6
15. Bc1 Rfe8 16. Ne5 Rad8 17. c4 c5 18. Nxd7 Rxd7 19. dxc5 Bxc5 20. Rxd7 Nxd7
21. Ne4 Bd4 22. Rd1 Nf6 23. Nxf6+ Bxf6 24. Be3 1/2-1/2

[Event "4NCL"]
[Site "De Vere, Wokefield Park, ENG"]
[Date "2011.02.20"]
[Round "6.34"]
[White "Munson, Shaun D"]
[Black "Arnott, Jonathan W"]
[Result "0-1"]
[WhiteElo "2201"]
[BlackElo "2176"]
[PlyCount "96"]
[EventDate "2011.??.??"]
[WhiteTeam "Anglian Avengers 1"]
[BlackTeam "White Rose 2"]

1. d4 d5 2. Bg5 h6 3. Bh4 c6 4. a3 Qb6 5. Ra2 g5 6. Bg3 Bg7 7. e3 Nf6 8. c4 Ne4
9. c5 Qd8 10. Bd3 Nxg3 11. hxg3 e5 12. Ne2 b6 13. b4 a5 14. Qb3 e4 15. Bc2 Ba6
16. Nd2 Nd7 17. Qb1 bxc5 18. bxc5 Rb8 19. Qc1 Qc7 20. Ba4 O-O 21. Qd1 Rb7 22.
O-O f5 23. Re1 Nf6 24. Nc3 Ng4 25. Qc1 f4 26. Ndxe4 dxe4 27. Nxe4 fxe3 28. fxe3
Bd3 29. Nd6 Rb1 30. Qxb1 Bxb1 31. Rxb1 Qe7 32. Re2 Bxd4 33. Bxc6 Bxc5 34. Bd5+
Kh8 35. Nc4 Qc7 36. Bf3 Qxg3 37. Bxg4 Qxg4 38. Rc2 Qe4 39. Rbc1 Bxe3+ 40. Nxe3
Qxe3+ 41. Kh1 Qd3 42. Kh2 Qxa3 43. Rc6 Kg7 44. Re1 Rf6 45. Rc7+ Kg6 46. Ree7
Qd6+ 47. Kh3 Rf7 48. Rxf7 Qe6+ 0-1

[Event "4NCL"]
[Site "De Vere, Wokefield Park, ENG"]
[Date "2011.02.20"]
[Round "6.35"]
[White "Webb, Matthew D"]
[Black "Farkas, Daniel"]
[Result "0-1"]
[WhiteElo "2062"]
[BlackElo "2107"]
[PlyCount "124"]
[EventDate "2011.??.??"]
[WhiteTeam "White Rose 2"]
[BlackTeam "Anglian Avengers 1"]

1. e4 c6 2. d4 d5 3. e5 c5 4. Nf3 Bg4 5. c4 e6 6. cxd5 exd5 7. dxc5 Bxc5 8.
Bb5+ Nc6 9. Qa4 Bd7 10. Bg5 Nge7 11. O-O a6 12. Qc2 Qb6 13. Ba4 O-O 14. Rc1 Bb4
15. a3 Bf5 16. Qe2 Bc5 17. b4 Bd4 18. Nxd4 Qxd4 19. Nd2 Bg4 20. Nf3 Bxf3 21.
gxf3 Ng6 22. Rd1 Qxe5 23. Qxe5 Ncxe5 24. Kg2 h6 25. Be3 Rfd8 26. Bb3 Nc4 27.
Rd4 b5 28. Rad1 Ne7 29. Bf4 Rac8 30. Bc1 Rd6 31. a4 Rcd8 32. axb5 axb5 33. Bf4
R6d7 34. Bg3 Nc6 35. Rg4 Nxb4 36. Bh4 Re8 37. Bxc4 bxc4 38. Rxc4 dxc4 39. Rxd7
Rc8 40. Be7 Na2 41. Rd2 Nc1 42. Kf1 Nd3 43. Rc2 f6 44. Bd6 Kf7 45. Ke2 Ke6 46.
Rxc4 Rxc4 47. Kxd3 Ra4 48. Bg3 f5 49. f4 Kd5 50. h4 h5 51. Ke2 Ke4 52. f3+ Kd4
53. Bf2+ Kc4 54. Be1 Ra2+ 55. Ke3 Rg2 56. Ba5 Rg1 57. Ke2 Ra1 58. Be1 Rxe1+ 59.
Kxe1 Kd3 60. Kf2 Kd2 61. Kg2 Ke2 62. Kg3 Kf1 0-1

[Event "4NCL"]
[Site "De Vere, Wokefield Park, ENG"]
[Date "2011.02.20"]
[Round "6.36"]
[White "Gray, Mark S"]
[Black "Archer, Richard"]
[Result "1/2-1/2"]
[WhiteElo "2084"]
[BlackElo "1969"]
[PlyCount "136"]
[EventDate "2011.??.??"]
[WhiteTeam "Anglian Avengers 1"]
[BlackTeam "White Rose 2"]

1. e4 c5 2. Nf3 d6 3. Bb5+ Nc6 4. O-O e6 5. Re1 Be7 6. c3 Nf6 7. d4 cxd4 8.
cxd4 O-O 9. Nc3 a6 10. Bd3 e5 11. d5 Nb8 12. h3 Nbd7 13. Be3 b6 14. b4 Bb7 15.
a4 Rc8 16. Qb3 Nh5 17. Ne2 g6 18. g4 Ng7 19. Bh6 Re8 20. Ng3 Qc7 21. Rac1 Qb8
22. Nd2 Rxc1 23. Rxc1 Rc8 24. Rxc8+ Qxc8 25. Qc4 Qxc4 26. Nxc4 Ne8 27. Be3 Bd8
28. f4 f6 29. f5 g5 30. Nf1 Kf7 31. Nfd2 Ke7 32. Nb3 Bc7 33. Kf2 Kd8 34. Ke1
Kc8 35. Kd2 Kb8 36. Kc3 Bc8 37. a5 bxa5 38. Nbxa5 Bb7 39. Bc2 Bxa5 40. Nxa5 Nc7
41. Ba4 Nb5+ 42. Kc4 Na3+ 43. Kd3 Nb5 44. Bf2 Kc7 45. h4 h6 46. Nc4 Bc8 47. h5
Bb7 48. Be3 Bc8 49. Bc1 Bb7 50. Be3 Bc8 51. Bd1 Bb7 52. Be2 Bc8 53. Kc2 Bb7 54.
Bd3 Bc8 55. Kb3 Nd4+ 56. Bxd4 exd4 57. Nd2 Ne5 58. Be2 Kb6 59. Kc2 Bd7 60. Nc4+
Nxc4 61. Bxc4 a5 62. bxa5+ Kxa5 63. Be2 Kb4 64. Kd2 Kc5 65. Bd1 Bb5 66. Bf3 Bd7
67. Be2 Ba4 68. Bf3 Bd7 1/2-1/2

[Event "4NCL"]
[Site "De Vere, Wokefield Park, ENG"]
[Date "2011.02.20"]
[Round "6.37"]
[White "Birkin, Mark H"]
[Black "Gregory, Stephen J"]
[Result "0-1"]
[WhiteElo "1895"]
[BlackElo "2099"]
[PlyCount "163"]
[EventDate "2011.??.??"]
[WhiteTeam "White Rose 2"]
[BlackTeam "Anglian Avengers 1"]

1. e4 d6 2. d4 Nf6 3. Nc3 g6 4. Be3 Nbd7 5. f3 e5 6. h4 Be7 7. g4 exd4 8. Bxd4
c5 9. Bf2 Nb6 10. Nh3 Bd7 11. Nf4 Bc6 12. h5 g5 13. Nfd5 Nfd7 14. Nxe7 Qxe7 15.
Be2 O-O-O 16. Kf1 Ne5 17. Nd5 Bxd5 18. exd5 Qf6 19. Kg2 Rhe8 20. b4 Kb8 21. a4
Qf4 22. a5 Nbd7 23. bxc5 Nxc5 24. Bb5 Re7 25. Re1 Rc7 26. Rb1 Ka8 27. Bg3 Qf6
28. a6 b6 29. Re3 Ncd7 30. Qe2 Rdc8 31. Rc1 Kb8 32. Bxd7 Nxd7 33. Re8 Rc3 34.
Rxc8+ Kxc8 35. Rf1 Kc7 36. Rf2 Ne5 37. Qe4 h6 38. Bxe5 Qxe5 39. Qh7 Qf6 40. Qg8
Kd7 41. Qh7 b5 42. Qe4 Rc4 43. Qd3 Kc7 44. Re2 Kb6 45. Re8 Qc3 46. Rd8 Qxc2+
47. Qxc2 Rxc2+ 48. Kg3 Kxa6 49. Rxd6+ Kb7 50. Rxh6 b4 51. d6 b3 52. d7 Rd2 53.
Rh8 Rxd7 54. Re8 a5 55. h6 f6 56. Re3 a4 57. Re4 Ka6 58. Rxa4+ Kb5 59. Ra1 Kb4
60. Rh1 Rh7 61. f4 b2 62. fxg5 fxg5 63. Kf3 Kc3 64. Ke4 Rxh6 65. Rxh6 b1=Q+ 66.
Ke5 Qf1 67. Rf6 Qb5+ 68. Ke4 Kd2 69. Rd6+ Ke2 70. Rf6 Qd7 71. Rf5 Qe6+ 72. Kd4
Qe3+ 73. Kd5 Qf3+ 74. Ke6 Qxg4 75. Kf6 Qf4 76. Kg6 Qg4 77. Kf6 Ke3 78. Rxg5
Qd4+ 79. Ke6 Kf4 80. Rf5+ Kg4 81. Rd5 Qe4+ 82. Kd6 {No further moves were
recorded.} 0-1

[Event "4NCL"]
[Site "De Vere, Wokefield Park, ENG"]
[Date "2011.02.20"]
[Round "6.41"]
[White "Spencer, Carl J"]
[Black "Rees, Ioan"]
[Result "0-1"]
[WhiteElo "2166"]
[BlackElo "2319"]
[PlyCount "68"]
[EventDate "2011.??.??"]
[WhiteTeam "Cambridge University 2"]
[BlackTeam "Rhyfelwyr Essyllwg"]

1. e4 e5 2. Nf3 Nc6 3. d4 exd4 4. Nxd4 Bb4+ 5. c3 Bc5 6. Be3 Bb6 7. Qg4 g6 8.
Qg3 Nf6 9. Nxc6 bxc6 10. Bxb6 axb6 11. Be2 O-O 12. e5 Ne4 13. Qf4 Nc5 14. O-O
Nb3 15. Nd2 Nxa1 16. Ne4 f5 17. exf6 Nc2 18. Qh6 Rxf6 19. Bd3 Rf7 20. Bxc2 d5
21. Ng5 Re7 22. Qh4 Qe8 23. a3 Ba6 24. f4 Bxf1 25. Kxf1 Qd7 26. h3 Rae8 27. Kg1
Qd6 28. Kh2 h6 29. Nf3 g5 30. Qh5 Qxf4+ 31. g3 Re2+ 32. Kh1 Re1+ 33. Ng1 Rxg1+
34. Kxg1 Re1+ 0-1

[Event "4NCL"]
[Site "De Vere, Wokefield Park, ENG"]
[Date "2011.02.20"]
[Round "6.45"]
[White "Chan, Nevil"]
[Black "Trevelyan, John"]
[Result "1-0"]
[WhiteElo "2058"]
[BlackElo "2121"]
[PlyCount "61"]
[EventDate "2011.??.??"]
[WhiteTeam "Cambridge University 2"]
[BlackTeam "Rhyfelwyr Essyllwg"]

1. d4 d6 2. Nc3 e5 3. Nf3 Nd7 4. e4 Ngf6 5. Bc4 Be7 6. h3 c6 7. Bb3 O-O 8. Qd3
exd4 9. Nxd4 Nc5 10. Qf3 Re8 11. O-O Nxb3 12. axb3 g6 13. Bh6 Nd7 14. Nf5 Ne5
15. Nxe7+ Qxe7 16. Qg3 f6 17. Be3 a6 18. Rad1 Nf7 19. Bf4 Rd8 20. Rd2 f5 21.
Rfd1 fxe4 22. Bxd6 Nxd6 23. Rxd6 Rxd6 24. Qxd6 Qxd6 25. Rxd6 Bf5 26. g4 e3 27.
gxf5 exf2+ 28. Kxf2 Rf8 29. f6 g5 30. Ne4 h6 31. Rd7 1-0

[Event "4NCL"]
[Site "De Vere, Wokefield Park, ENG"]
[Date "2011.02.20"]
[Round "6.47"]
[White "Kapadia, Sujit R"]
[Black "Brown, Tom"]
[Result "0-1"]
[WhiteElo "1882"]
[BlackElo "2070"]
[PlyCount "44"]
[EventDate "2011.??.??"]
[WhiteTeam "Cambridge University 2"]
[BlackTeam "Rhyfelwyr Essyllwg"]

1. d4 Nf6 2. c4 e6 3. Nc3 c5 4. d5 exd5 5. cxd5 d6 6. e4 g6 7. f4 Bg7 8. Bb5+
Nbd7 9. e5 dxe5 10. fxe5 Nh5 11. Nf3 O-O 12. g4 Nxe5 13. gxh5 Nxf3+ 14. Qxf3
Qh4+ 15. Qg3 Bxc3+ 16. bxc3 Qe4+ 17. Kf2 Qxh1 18. Qe5 f6 19. Qc7 Bh3 20. Bh6
Qg2+ 21. Ke3 Rfe8+ 22. Bxe8 Rxe8+ 0-1

[Event "4NCL"]
[Site "De Vere, Staverton Park, ENG"]
[Date "2011.03.27"]
[Round "8.51"]
[White "Makepeace, Philip J"]
[Black "Shaw, Peter"]
[Result "0-1"]
[WhiteElo "2095"]
[BlackElo "2164"]
[PlyCount "90"]
[EventDate "2011.??.??"]
[WhiteTeam "Sambuca Black Sheep"]
[BlackTeam "White Rose 2"]

1. d4 d5 2. Nf3 Nf6 3. g3 Bf5 4. Bg2 e6 5. O-O h6 6. Nbd2 Bd6 7. c4 c6 8. Qb3
Qc8 9. Re1 Nbd7 10. Nh4 Bh7 11. cxd5 cxd5 12. e4 dxe4 13. Nxe4 Nxe4 14. Bxe4
Bxe4 15. Rxe4 Nf6 16. Re2 O-O 17. Qf3 Qc4 18. Be3 Qd5 19. Rc2 Qxf3 20. Nxf3
Rfc8 21. Rac1 Rxc2 22. Rxc2 Nd5 23. a3 Kf8 24. Ne1 Ke7 25. Nd3 b6 26. Kg2 Kd7
27. Bd2 Rc8 28. Ne5+ Bxe5 29. Rxc8 Kxc8 30. dxe5 Kd7 31. g4 Kc6 32. Kf3 Kc5 33.
Ke4 Kc4 34. a4 a5 35. f3 Kb3 36. Kd4 Kxa4 37. Kc4 b5+ 38. Kc5 b4 39. Kc4 Nb6+
40. Kc5 Nd7+ 41. Kd6 Kb3 42. Kxd7 Kxb2 43. Kc6 Kc2 44. Be3 b3 45. Bd4 a4 0-1

[Event "4NCL"]
[Site "De Vere, Staverton Park, ENG"]
[Date "2011.03.27"]
[Round "8.52"]
[White "Arnott, Jonathan W"]
[Black "Lutton, J Ezra"]
[Result "1-0"]
[WhiteElo "2177"]
[BlackElo "2109"]
[PlyCount "71"]
[EventDate "2011.??.??"]
[WhiteTeam "White Rose 2"]
[BlackTeam "Sambuca Black Sheep"]

1. e4 h6 2. b3 a6 3. Bb2 b5 4. d4 Bb7 5. Nd2 e6 6. Bd3 Nf6 7. Ne2 c5 8. O-O c4
9. bxc4 bxc4 10. Bxc4 Nxe4 11. Nxe4 Bxe4 12. Ng3 Bb7 13. d5 Qc7 14. Qe2 h5 15.
Rfe1 Rh6 16. Bc1 Rg6 17. Bd3 Bxd5 18. Qxh5 Qa5 19. Bg5 Rxg5 20. Qxg5 Nc6 21.
Nf5 g6 22. Ne3 Be7 23. Qg3 Bf6 24. Rad1 Bxa2 25. Nc4 Bxc4 26. Bxc4 Be5 27. f4
Qc5+ 28. Kh1 Bd4 29. Qd3 Bf2 30. Qxd7+ Kf8 31. Bxe6 fxe6 32. Rxe6 Ne7 33. Rf6+
Kg7 34. Rdd6 Qb5 35. Rxg6+ Kh8 36. Qh3+ 1-0